000 02293ngm a22003610a 4500
001 PT13382
003 AR-LpoUNG
005 20210202000242.0
007 vd cvaizq
008 191001s1952||||ag |||||||||||||||||spa d
037 _c$5
040 _aAR-LpoUNG
_bspa
_cAR-LpoUNG
_eaacr
041 _aspa
044 _aag
082 0 _a982.062 317ag
100 1 _aCarril, Hugo del
_edir.
245 1 4 _aLas aguas bajan turbias
260 _aBuenos Aires :
_bSolo para Coleccionistas,
_c1952.
300 _aVHS (85 min.) : son., col.
505 0 _aGuión: Eduardo Borrás ; fotografía: José María Beltrán ; música: Tito Riberomús ; montaje: Gerardo Rinaldi ; producción: Lina C. de Machinandiarena. - Con la actuación de Hugo del Carril y Adriana Benetti.
520 _aEl 9 de octubre de 1952 se estrena en el Gran Rex Las aguas bajan turbias, filme que consagra a Hugo del Carril como uno de los más importantes directores del cine argentino. La película describe la explotación de los mensúes en los yerbatales del Alto Paraná y está basada en la novela El río oscuro, de Alfredo Varela, quien no aparece en los créditos de la película por razones de censura política. El protagonista fue, además, el mismo Hugo del Carril, en elenco que incluyó a Adriana Benetti, Raúl del Valle, Herminia Franco y Gloria Ferrandiz. Para Raúl Manrupe y María Alejandra Portela, en su Diccionario de films argentinos, es una obra fundamental de la cinematografía argentina y entre los contados ejemplos de cine con compromiso social dentro del peronismo. A partir de una novela de autor comunista (en la cárcel al momento del rodaje) Del Carril creó una película donde la fuerza, el vigor y lo sensual de la narración potencian la idea que se transmite y llega con pasión. Su planteo comercial y el tono declamatorio no afectan la nobleza y el poder visual único en ésta, la película definitiva de su director. Filmación parcial en Oberá (Misiones).
650 4 _aASALARIADOS
650 4 _aASPECTOS POLITICOS
650 4 _aCONDICIONES DE TRABAJO
650 4 _aPROBLEMAS SOCIALES
650 4 _aTRABAJADORES
650 4 _aTRABAJADORES RURALES
650 4 _aTRABAJO
653 _aCINE ARGENTINO
653 _aVIDEOS
905 _a13382
942 _cVIDEO
999 _c54454
_d54454